Tratado práctico de sociedades mercantiles desde el punto de vista contalbe jurídico y fiscal / (Record no. 30669)

MARC details
000 -LEADER
campo de control de longitud fija 00746nam a2200181 i 4500
001 - NÚMERO DE CONTROL
campo de control 30669
003 - IDENTIFICADOR DE NÚMERO DE CONTROL
campo de control ES-MaACL
005 - FECHA Y HORA DE LA ÚLTIMA TRANSACCIÓN
campo de control 20230906154232.0
007 - CAMPO FIJO DE DESCRIPCIÓN FÍSICA--INFORMACIÓN GENERAL
campo de control de longitud fija t|
008 - DATOS DE LONGITUD FIJA--INFORMACIÓN GENERAL
campo de control de longitud fija 030127s1935 sp ||||1| spa d
100 1# - ENTRADA PRINCIPAL--NOMBRE DE PERSONA
Nombre de persona Batardon, Léon.
9 (RLIN) 26406
245 10 - MENCIÓN DEL TÍTULO
Título Tratado práctico de sociedades mercantiles desde el punto de vista contalbe jurídico y fiscal /
Mención de responsabilidad, etc. por León Batardon ; traducción de la sexta edición francesa adaptada a la legislación y práctica mercantil españolas por Agustín Vicente Gella.
260 ## - PUBLICACIÓN, DISTRIBUCIÓN, ETC.
Lugar de publicación, distribución, etc. Barcelona :
Nombre del editor, distribuidor, etc. [s.n.,
Fecha de publicación, distribución, etc. 1935] (
Fabricante Talls. Gráfs. Iberoamericanos)
300 ## - DESCRIPCIÓN FÍSICA
Extensión XX, 564 p. ;
Dimensiones 23 cm.
650 #4 - PUNTO DE ACCESO ADICIONAL DE MATERIA--TÉRMINO DE MATERIA
Término de materia o nombre geográfico como elemento de entrada Sociedades.
9 (RLIN) 136884
700 0# - ENTRADA AGREGADA--NOMBRE PERSONAL
Nombre de persona Vicente y Gella, Agustín.
9 (RLIN) 114376
852 ## - LOCALIZACIÓN
Ubicación ES-MaACL
Número de control de estantería A-5099
Sublocalización o colección R.18082
Holdings
Estatus retirado Estado de pérdida Estado de daño No para préstamo Biblioteca de origen Biblioteca actual Ubicación en estantería Fecha de adquisición Fuente de adquisición Total de préstamos Signatura topográfica completa Código de barras Visto por última vez Precio de reemplazo Tipo de ítem Koha
        Biblioteca del Ateneo de Madrid Biblioteca del Ateneo de Madrid Sala Pecera Planta 1 17/01/2008     A-5099 1031669 23/02/2023 23/02/2023 Libro impreso